00915 2200229 4500001002100000005001500021035002000036007000300056008004100059020002200100082001000122084001600132100001600148245011200164250000600276260003100282300004600313700001700359650001300376520027900389990001700668INLIS00000000000038420260521081151 a0010-0423000011ta260521 j 0 ind  a978-623-206-461-4 a635.9 a635.9 FAI s0 aFaisol Anam1 aSeri Cari Tau , Yuk :bMengapa Kantung semar suka mamakan hewan ? /cFaisol Anam ; ilustrator, Bella Ansori a- aSolo :bTiga Ananda,c2020 a26 :bilus. ; gambar berwarna ;c25 cme-0 aBella Ansori 4aTumbuhan aTernyata ada jenis tumbuhan yang bisa memakan hewan. Salah satunya adalah kantong semar. Mengapa kantong semar suka memakan hewan? Seperti apa bentuknya? Dalam buku ini, kamu akan mengenal dan mengetahui lebih banyak tentang ciri dan keunikan kantong semar. Selamat membaca! a00088/K/2020